00525nam a2200169 i 450000100060000000300090000600500170001500700030003200800410003510000390007624500570011526000610017230000270023349000370026083000370029785200210033447748ES-MaACL20230906161625.0t|030521q1915 sp ||||1| spa d1 aBlanco Fombona, Rufino,d1874-194413aEl hombre de oro b: (novela) / cR. Blanco-Fombona. aMadrid : bEditorial América, c[1915?] (fJuan Pueyo) aXIV, 412 p. ; c19 cm.1 aBiblioteca Andrés Bello ; v110 aBiblioteca Andrés Bello ; v11 aES-MaACLjF-8291